000 00553nam a2200217Ia 4500
003 OSt
005 20220928143036.0
006 a|||||r|||| 00| 0
007 ta
008 220927b |||||||| |||| 00| 0 eng d
024 _a20650
037 _cTextual
040 _aSDCL
_cSDCL
_beng
041 _2eng
_aeng
082 _aO15,1x, M6
100 _aJoshi Mridula
_9504287
245 0 _aSanskrit kavya paribhashao ka alochnatmak adhyan.
260 _c1986
942 _hO15,1x, M6
_cTEXL
_2CC
999 _c822748
_d822748